000 00610 a2200145 4500
999 _c10692
_d10692
050 _aJC599 ZIM 2020
110 _aZimbabwe Human Rights Commission (ZHRC)
245 _aZimbabwe human rights commission for human dignity :
_bZHRC practitioners' training manual on constitutional rights of specific groups of people : Volume 2
264 _aHarare :
_bZimbabwe Human Rights Commission,
_cSeptember 2020
300 _a76 pages.
_bcolour illustrations
500 _aTitle from cover
650 _aHuman rights
_xZimbabwe
650 _aHuman rights -- Annual reports
_xZimbabwe
942 _2lcc
_cSERIALS
_h599
_iZIM
_kJC